[Event "Let's Play Chess!"]
[Site "http://www.queenalice.com/game.php?id=30818"]
[Date "2005.9.28"]
[Round "-"]
[White "KUKUDRULU"]
[Black "barcino"]
[Result "0-1"]
[WhiteElo "1200"]
[BlackElo "1400"]

1. d4 Nc6 2. Nf3 Nf6 3. Nc3 d6 4. e4 g6 5. d5 Ne5 6. Be2 e6 7. Bb5+ Bd7 8. Bg5
Be7 9. a4 a6 10. Bxd7+ Nfxd7 11. h4 Nxf3+ 12. gxf3 Bxg5 13. Qd4 Bf6 14. e5 Bxe5
15. Qb4 Nc5 16. Ne2 Qf6 17. f4 a5 18. Qb5+ Ke7 19. fxe5 Qxe5 20. f4 Qe4 21. Rh3
Qxc2 22. Nd4 Qe4+ 23. Ne2 c6 24. dxc6 Nd3+ 25. Rxd3 Qh1+ 26. Kd2 Qxa1 27. Qxb7+
Kf6 28. Nc1 Qxa4 29. Rxd6 Qxf4+ 30. Kd3 Qxd6+ 31. Kc4 Qf4+ 32. Kd3 Qxc1 33. b3
Rhd8+ 34. Ke4 Qe1+ 35. Kf4 Rd4+ 36. Kf3 Qc3+ 37. Ke2 Rd2+ 38. Ke1 Qc1# 0-1

[Event "Let's Play Chess!"]
[Site "http://www.queenalice.com/game.php?id=30903"]
[Date "2005.9.29"]
[Round "-"]
[White "wdlauzon"]
[Black "KUKUDRULU"]
[Result "1-0"]
[WhiteElo "1833"]
[BlackElo "1203"]

1. e4 e5 2. Bc4 Qh4 3. d3 Bc5 4. g3 Qe7 5. f4 exf4 6. Bxf4 g5 7. Bc1 Bb4+ 8. c3
Bc5 9. Qh5 d5 10. Bxd5 Be6 11. Bxg5 Nf6 12. Bxf6 Qxf6 13. Bxe6 Qxe6 14. Qxc5 c6
15. Nf3 b6 16. Qe5 Rf8 17. Qxe6+ fxe6 18. Nbd2 c5 19. Ng5 1-0

[Event "Let's Play Chess!"]
[Site "http://www.queenalice.com/game.php?id=30904"]
[Date "2005.9.29"]
[Round "-"]
[White "KUKUDRULU"]
[Black "McXas"]
[Result "1-0"]
[WhiteElo "1160"]
[BlackElo "1100"]

1. e4 e5 2. Qh5 g6 3. Qxe5+ Qe7 4. Qxh8 Qxe4+ 5. Kd1 Ne7 6. Nc3 Qg4+ 7. Nf3 d5
8. d4 Nbc6 9. Bh6 Nxd4 10. Qxf8+ Kd7 11. Qxf7 Qh5 12. Nxd5 Nf5 13. Bg5 Kd8 14.
Bxe7+ Nxe7 15. Nxe7 c5 16. Nc6+ bxc6 17. Be2 Qd5+ 18. Qxd5+ cxd5 19. Bd3 c4 20.
Be2 Ba6 21. b3 Rb8 22. Rb1 h5 23. Ne5 g5 24. Nc6+ Kc8 25. Re1 Kb7 26. Nxb8 Kxb8
27. bxc4+ Kc7 28. cxd5 Bb7 29. Bc4 h4 30. g3 g4 31. gxh4 Bc8 32. Re7+ Bd7 33.
Bb5 Kd6 34. Rxd7+ Ke5 35. h5 Kf6 36. h6 g3 37. hxg3 a6 38. Bxa6 Kf5 39. Rb4 Kg6
40. Rf4 Kxh6 41. Rd8 Kg5 42. Rdf8 Kh5 43. Be2+ Kg5 44. Rg8+ Kh6 45. Rh4# 1-0

[Event "Let's Play Chess!"]
[Site "http://www.queenalice.com/game.php?id=31010"]
[Date "2005.9.30"]
[Round "-"]
[White "barcino"]
[Black "KUKUDRULU"]
[Result "0-1"]
[WhiteElo "1285"]
[BlackElo "1217"]

1. e3 d5 2. Qh5 Nc6 3. Nf3 Nf6 4. Qh4 Bg4 5. h3 Bf5 6. Nd4 e6 7. Bb5 a6 8. Nxc6
bxc6 9. Bxc6+ Ke7 10. Bxa8 Qxa8 11. g4 d4 12. Rg1 Qe4 13. d3 Qc6 14. gxf5 Qxc2
15. Na3 Qxd3 16. exd4 Qxf5 17. Qg3 Ne4 18. Qxc7+ Ke8 19. Qc2 Bb4+ 20. Bd2 Bxd2+
21. Kd1 Qf3# 0-1

[Event "AUTO-OPEN-152"]
[Site "http://www.queenalice.com/game.php?id=31048"]
[Date "2005.9.30"]
[Round "1"]
[White "KyoteeSun"]
[Black "KUKUDRULU"]
[Result "1-0"]
[WhiteElo "1329"]
[BlackElo "1223"]

1. e4 Nf6 2. Qf3 e5 3. Nc3 Nc6 4. Bc4 a6 5. Nh3 b5 6. Bb3 Nd4 7. Qd3 Bb7 8. O-O
Bxe4 9. Nxe4 c5 10. c4 Bd6 11. Nxd6+ 1-0

[Event "AUTO-OPEN-152"]
[Site "http://www.queenalice.com/game.php?id=31049"]
[Date "2005.9.30"]
[Round "1"]
[White "KUKUDRULU"]
[Black "KyoteeSun"]
[Result "0-1"]
[WhiteElo "1175"]
[BlackElo "1389"]

1. e4 e5 2. Nc3 Qf6 3. Nf3 Bc5 4. g3 Nc6 5. a3 Nh6 6. d3 Ng4 7. Nd5 Bxf2+ 8. Kd2
O-O 9. Nxf6+ gxf6 10. Ke2 Bc5 11. b4 Bb6 12. c4 Ne3 13. Qd2 d6 14. c5 Nxf1 15.
Rxf1 dxc5 0-1

[Event "AUTO-OPEN-152"]
[Site "http://www.queenalice.com/game.php?id=31066"]
[Date "2005.9.30"]
[Round "1"]
[White "KUKUDRULU"]
[Black "bennyray"]
[Result "0-1"]
[WhiteElo "1113"]
[BlackElo "1367"]

1. e4 e5 2. Qh5 Nc6 3. Bc4 g6 4. Qd1 a6 5. Nc3 b5 6. Bb3 Bb4 7. Nf3 Nf6 8. d4
exd4 9. Nxd4 Bxc3+ 10. bxc3 Nxe4 11. Qf3 f5 0-1

[Event "AUTO-INT-46"]
[Site "http://www.queenalice.com/game.php?id=31258"]
[Date "2005.10.1"]
[Round "1"]
[White "KUKUDRULU"]
[Black "barcino"]
[Result "1/2-1/2"]
[WhiteElo "1196"]
[BlackElo "1272"]

1. d4 e6 2. e4 c6 3. e5 g6 4. Nf3 Nh6 5. Nc3 f6 6. exf6 Qxf6 7. Bg5 Qf5 8. Bd3
Qa5 9. Bf6 Rg8 10. a3 Be7 11. Be5 Qb6 12. Na4 Qa5+ 13. b4 Qxa4 14. Qd2 Ng4 15.
h3 Nxe5 16. dxe5 b6 17. Qh6 Rh8 18. Qg7 Bxb4+ 19. Nd2 Bxd2+ 20. Kxd2 Rf8 21. f3
Qf4+ 22. Ke2 Ba6 23. c4 Qg5 24. g4 Qf4 25. Rhf1 Qh2+ 26. Rf2 Qxh3 27. Rg1 b5 28.
Rgg2 bxc4 29. Kd2 Rxf3 30. Qg8+ Ke7 31. Qg7+ Kd8 32. Rxf3 Qxf3 33. Qxh7 Qxg2+
34. Ke3 1/2-1/2

[Event "AUTO-INT-46"]
[Site "http://www.queenalice.com/game.php?id=31259"]
[Date "2005.10.1"]
[Round "1"]
[White "barcino"]
[Black "KUKUDRULU"]
[Result "1-0"]
[WhiteElo "1261"]
[BlackElo "1263"]

1. e3 Nf6 2. b3 e5 3. Nf3 d5 4. Nxe5 Qd6 5. f4 d4 6. Bc4 Be6 7. Ba3 c5 8. Qf3
Bg4 9. Qxb7 d3 10. Nc3 Qb6 11. Qxa8 g5 12. Nd5 Qd8 13. Nxf6+ 1-0